| 000 | 00363cam a22001337a 4500 | ||
|---|---|---|---|
| 008 | 180718b1961 xxu||||| |||| 00| 0 eng d | ||
| 082 | _aBA2 K145 | ||
| 100 | _aKardiner, Abram | ||
| 245 |
_aThey studied man _cby Abram Kardiner and Edward Preble |
||
| 260 |
_aLondon _bSecker and Warburg _c1961 |
||
| 300 | _a287p. | ||
| 650 | _aCulture. | ||
| 700 | _aPreble, Edward | ||
| 999 |
_c371346 _d371346 |
||